Folk-lore of Shakespeare /

Bibliographic Details
Main Author: Dyer, T. F. Thiselton (Thomas Firminger Thiselton), 1848-
Format: Book
Language:English
Published: New York : Dover Publications, [1966]
Subjects:

MARC

Tag First Indicator Second Indicator Subfields
LEADER 00000cam a22000001 4500
001 in00000022032
005 20151007063832.0
008 711012r19661883nyu 00010 eng
010 |a  66020329  
035 |a (OCoLC)00353506 
035 |9 AAD8375AM 
040 |a DLC  |c DLC  |d TXA  |d UtOrBLW 
049 |a TXAM  |c [468158] 
050 0 0 |a PR3004  |b .T5 1966 
082 0 |a 822.33 
092 |a 822.33  |b FT488 
100 1 |a Dyer, T. F. Thiselton  |q (Thomas Firminger Thiselton),  |d 1848- 
245 1 0 |a Folk-lore of Shakespeare /  |c by T. F. Thiselton Dyer. 
264 1 |a New York :  |b Dover Publications,  |c [1966] 
300 |a ix, 526 pages ;  |c 22 cm. 
336 |a text  |b txt  |2 rdacontent 
337 |a unmediated  |b n  |2 rdamedia 
338 |a volume  |b nc  |2 rdacarrier 
500 |a "An unabridged and unaltered republication of the work originally published ... circa 1883." 
600 1 0 |a Shakespeare, William,  |d 1564-1616  |x Knowledge  |x Mythology. 
999 |a MARS 
999 f f |s ddc8b1be-9c6b-3c92-8db0-6104eb10779a  |i 17dcdb29-bfed-3a64-990d-d7bd0bb67c0c  |t 0 
952 f f |p normal  |a Texas A&M University  |b College Station  |c Sterling C. Evans Library  |d Evans: Library Stacks  |t 0  |e PR3004 .T5 1966  |h Library of Congress classification  |i unmediated -- volume  |m A14801308018 
998 f f |a PR3004 .T5 1966  |t 0  |l Evans: Library Stacks